| 000 | 00883nam a2200265 i 4500 | ||
|---|---|---|---|
| 001 | 172730 | ||
| 003 | ES-MaACL | ||
| 005 | 20241017063057.0 | ||
| 007 | ta | ||
| 008 | 090907s1987 sp |||| | spa d | ||
| 040 |
_cES-MaACL _dES-MaACL |
||
| 080 | _a821.134.2 Hernández, Miguel 1.06 | ||
| 245 | 0 | 3 |
_aLa sombra vencida : _bMiguel Hernández, encuentro con el poeta. |
| 260 |
_a[Orihuela : _bCírculo Uno], _c1987. _f(Gráficas Minerva) |
||
| 300 |
_a49 p. ; _c29 cm. |
||
| 490 | 1 | _aEmpireuma (Orihuela) | |
| 600 | 1 | 4 |
_aHernández, Miguel, _d1910-1942- _vHomenajes _962848 |
| 650 | 4 |
_916177 _aPoesía española- _yS.XX |
|
| 830 |
_9237128 _aEmpireuma (Orihuela) |
||
| 852 |
_aES-MaACL _j2298-F-11 _9203727 _cDEPOF |
||
| 942 |
_cFOLLETOS _n0 |
||
| 999 |
_c172730 _d172730 |
||